000 00307nam a22001337a 4500
008 181011b xxu||||| |||| 00| 0 eng d
020 _a0813311187
041 _aeng
080 _a941
100 _a17
101 _aHIS
245 _aA Concise History of the Middle East
_cGoldschmidt, A
942 _2udc
_cBK
999 _c49352
_d49352